000 00408nam a2200181Ia 4500
001 8666
003 GE_BSU
008 181216s||||||||xx |||||||||||||| ||und||
040 _cGE_BSU
245 _aParis Match, du 7 AU 13 novembre №3364. 2013.
245 _b№3364
245 _cdir.red. O.Royant.
260 _aParis
260 _c2013
300 _a151p.29cm.
653 _aParis Match
942 _cCR
999 _c41981
_d41981